000 00783nam a2200253Ia 4500
003 OSt
005 20220925235510.0
006 a|||||r|||| 00| 0
007 ta
008 220923b |||||||| |||| 00| 0 eng d
020 _c175.00
037 _b194, 10/09/1987, Intellec
_cGeneral Book
040 _aRTL
_cRTL
_beng
041 _2eng
_aeng
082 _aX428:8D.2.N8, M7
100 _aRao Y Gouthama
_9301366
245 0 _aFinancial management in public undertakings
_b A study of ports
260 _a New Delhi
_bDeep & Deep Publications India
_c1987
300 _a272p
_ccm.
500 _aBibliography P 266-70
650 _aPort
942 _hX428:8D.2.N8, M7
_cGB
_2CC
999 _c597407
_d597407